00413nam a2200121Ia 4500008004100000245009800041260004500139260000900184300000900193500001300202650001300215856006300228170516s9999 xx 000 0 und d aPhysico-mechanical characterization of polyurethane foam dressings containing natural polyols bAsian Journal of Pharmaceutical Sciences c2016 a11:1 aFebruary xPharmacy uhttp://www.sciencedirect.com/science/journal/18180876/11/1